000 00639nam a22002177a 4500
003 UA-OsUOA
001 79152
007 ta
008 20111103b un ||||| |||| 00| 0 ukr d
100 _aСитник О.М.
090 _a94(477)
_bС41
942 _cSA
040 _aUA-OsUOA
_bfre
_cUA-OsUOA
_dUA-OsUOA
245 _aСтановище релігії, церкви та духовності в УСРР у 1920-х - на початку 1930-х років
300 _aС.116-122
955 _a0
041 _afre
080 _a94(477)
773 0 _w79129
650 7 _a9 Географія. Біографії. Історія
_2UDC
999 _c365472
_d365472